书目信息 |
| 题名: |
中国琵琶名曲荟萃
|
|
| 作者: | 本社 编 | |
| 分册: | ||
| 出版信息: | 上海 上海音乐出版社 1997.6 |
|
| 页数: | 348页 | |
| 开本: | 16开 | |
| 丛书名: | ||
| 单 册: | ||
| 中图分类: | J648.33 | |
| 科图分类: | ||
| 主题词: | 音乐--作品--中国 | |
| 电子资源: | ||
| ISBN: | 7-80553-607-4 | |
| 000 | 00551nam0 2200193 45 | |
| 001 | 0009181573 | |
| 005 | 20031219104046.1 | |
| 010 | @a7-80553-607-4@b平装@dCNY30.00 | |
| 100 | @a20000918d1997 km y0chiy0120 ea | |
| 101 | 0 | @achi |
| 105 | @a z 000yy | |
| 200 | 1 | @a中国琵琶名曲荟萃@AZhong Guo Pi Pa Ming Qu Hui Cui@f本社编@FBen She Bian |
| 210 | @a上海@c上海音乐出版社@d1997.6 | |
| 215 | @a348页@d16开 | |
| 606 | 0 | @a音乐@x作品@y中国 |
| 690 | @aJ648.33@v1 | |
| 701 | 0 | @a本社@4编 |
| 801 | @aCN@bTSTC@c20000918 | |
| 905 | @b290201-203@dJ648.33@e64@f3 | |
| 中国琵琶名曲荟萃/本社编.-上海:上海音乐出版社,1997.6 |
| 348页;16开 |
| ISBN 7-80553-607-4(平装):CNY30.00 |
| ● |
| 相关链接 |
|
|
|
|
正题名:中国琵琶名曲荟萃
索取号:J648.33/64
 
预约/预借
| 序号 | 登录号 | 条形码 | 馆藏地/架位号 | 状态 | 备注 |
| 1 | 0290201 | 002902014 | 第一借阅区/ [索取号:J648.33/64] | 在馆 | |
| 2 | 0290202 | 002902023 | 第一借阅区/ [索取号:J648.33/64] | 在馆 | |
| 3 | 0290203 | 002902032 | 第一样本阅览室/ [索取号:J648.33/64] | 在馆 |